000 00367nam a2200145Ia 4500
008 210716s2009 xx 000 0 und d
020 _a9788131704363
041 _aeng
082 _a004 INTR
245 _aIntroduction to computer science.
250 _a1
260 _aNew Delhi
_bPearson Education
_c2009
300 _axii, 496
650 _aComputer Fundamentals
999 _c191978
_d191978